000
00279nam a2200133Ia 4500
100
_a
Schwabl Frank
942
_c
BK
654
_a
quantum
245
_a
Quantum mechanics
260
_b
Narosa Pub
_a
New Delhi
_c
1992
082
_a
530.12
_b
SCH
300
_a
407
546
_a
ENGLISH
999
_c
34783
_d
34783